Rocksongs schlecht erklärt - Statistiken

Allgemein
  • Dieses Quiz wurde 94 mal gespielt
  • Das Durchschnittsergebnis liegt bei 6 aus 15
Antwortstatistiken
Hint Antwort % Korrekt
Rollende Steine wollen alles schwarz anmalen Paint It Black
84%
Chester muss alles verlieren und fallen nur damit seine Bemühungen am Ende doch nichts bringen In the End
66%
Bei einem Spaziergang an der Moskva fassen Hannoveraner Hoffnungen auf Freiheit, Veränderung und eine schöne Zukunft Wind of Change
63%
In seinen dunkelsten Momenten erscheint Paul "Mother Mary", die ihm sagt er soll es gut sein lassen Let it be
57%
Steve sorgt mit einem markanten Rhythmus dafür, dass reihenweise Leute ‚den Staub beißen‘. Another one bites the dust
54%
Der Pionier des Grunge fordert einen auf ganz ungeniert einfach so zu kommen wie er gerade aussieht und schwört darauf, dass er keine Waffe hat Come as you are
54%
Briten meinen sie bräuchten keine Bildung Another Brick in the Wall
53%
5 Männer aus Los Angeles wollen, dass man sie zu einer fantastischen Stadt mit grünem Gras und hübschen Mädchen bringt Paradise City
48%
Ein Stadtmädchen und ein Stadtjunge nehmen den Mitternachtszug um sich zu vergnügen und dem Alltag zu entfliehen Dont stop believing
44%
Wikinger, die "aus dem Land von Eis und Schnee" kommen, werden als Immigranten bezeichnet Immigrant Song
25%
Ein Mädchen läuft von zuhause weg und weiß nun nicht recht was mit ihr geschehen soll Runaway
23%
Ein Orchester fragt sich, warum sich der blaue Himmel so lange versteckt hat Mr blue Sky
19%
Anthony fühlt sich einsam und klammert sich in seiner Einsamkeit an seine Heimatstadt " der Engel" Under the bridge
16%
Ein Schüler steht auf seine Lehrerin und vernachlässigt deswegen seine Bildung Hot for teacher
9%
Die Band aus "Down Under" fragt sich wer zu so später Stunde noch an ihrer Tür klopfen könnte Who can it be now
8%
Keine übereinstimmenden Quizze gefunden
Verteilung der Resultate
Anzahl Personen mit jedem Resultat
Perzentil nach korrekt beantworteten Fragen
Ihre Resultats-Entwicklung
Sie haben dieses Quiz noch nicht gespielt